Entry Nombre personal
001 - NÚMERO DE CONTROL
- campo de control: 38670
003 - IDENTIFICADOR DEL NÚMERO DE CONTROL
- campo de control: BNPHU
005 - FECHA Y HORA DE LA ÚLTIMA TRANSACCIÓN
- campo de control: 20240301140905.0
008 - DATOS DE LONGITUD FIJA
- campo de control de longitud fija: 200615|| aca||aabn | a|a d
040 ## - FUENTE DE LA CATALOGACIÓN
- Centro catalogador/agencia de origen: DO-SdBNP
- Lengua de catalogación: spa
- Centro/agencia transcriptor: BNPHU
- Normas de descripción: rda
100 1# - ENCABEZAMIENTO-NOMBRE DE PERSONA
- Nombre de persona: Vega B., Wenceslao,
- Fechas asociadas al nombre: 1932-
370 ## - LUGAR ASOCIADO
- Lugar de nacimiento: Santiago, República Dominicana
374 ## - OCUPACIÓN
- Ocupación: Abogado
375 ## - GÉNERO/SEXO
- Género/Sexo: Masculino
400 1# - TRAZADO DE VÉASE--NOMBRE DE PERSONA
- Nombre de persona: Vega Boyrie, Wenceslao,
- Fechas asociadas al nombre: 1932-
400 1# - TRAZADO DE VÉASE--NOMBRE DE PERSONA
- Nombre de persona: Boyrie, Wenceslao Vega,
- Fechas asociadas al nombre: 1932-
400 1# - TRAZADO DE VÉASE--NOMBRE DE PERSONA
- Nombre de persona: Vega, Wenceslao,
- Fechas asociadas al nombre: 1932-
670 ## - FUENTE DE DATOS ENCONTRADOS
- Cita de la fuente: Work cat.: (OSt)17309: Sang Ben, Mu-kien Adriana, 1955- 18698, Una utopía inconclusa :, 1997.
670 ## - FUENTE DE DATOS ENCONTRADOS
- Cita de la fuente: Historia del derecho colonial dominicano, 1979:
670 ## - FUENTE DE DATOS ENCONTRADOS
- Cita de la fuente: La mediación extranjera en las guerras dominicanas de independencia, 1849-1859, 2011
670 ## - FUENTE DE DATOS ENCONTRADOS
- Cita de la fuente: Historia del poder judicial dominicano, 2005
